书目信息 |
| 题名: |
废水处理原理与技术
|
|
| 作者: | 李倩倩 , 李亚峰 , 苏雷 编著 | |
| 分册: | ||
| 出版信息: | 北京 化学工业出版社 2025.01 |
|
| 页数: | 232页 | |
| 开本: | 26cm | |
| 丛书名: | ||
| 单 册: | ||
| 中图分类: | X703 | |
| 科图分类: | ||
| 主题词: | 废水处理--fei shui chu li | |
| 电子资源: | ||
| ISBN: | 978-7-122-46226-8 | |
| 000 | 01121nam0 2200277 450 | |
| 001 | 91805 | |
| 005 | 20250817143408.45 | |
| 010 | @a978-7-122-46226-8@dCNY98.00 | |
| 100 | @a20241223d2025 em y0chiy50 ea | |
| 101 | 0 | @achi |
| 102 | @aCN@b110000 | |
| 105 | @aa a 000yy | |
| 106 | @ar | |
| 200 | 1 | @a废水处理原理与技术@Afei shui chu li yuan li yu ji shu@f李倩倩, 李亚峰, 苏雷等编著 |
| 210 | @a北京@c化学工业出版社@d2025.01 | |
| 215 | @a232页@c图@d26cm | |
| 314 | @a李倩倩, 沈阳城市建设学院市政与环境工程学院副教授, 承担水质工程学等课程的教学工作, 致力于教学改革研究工作, 主持省部级教科研项目7项、市级项目5项。 | |
| 320 | @a有书目 (第232页) | |
| 330 | @a本书分为三篇共十三章, 内容包括废水处理的基本知识、物理处理技术、混凝、吸附、气浮、中和、膜分离技术、高级氧化技术、其他化学及物理化学法、活性污泥法、生物膜法、膜生物反应器、废水厌氧生物处理技术与污泥处理。 | |
| 606 | 0 | @a废水处理@Afei shui chu li |
| 690 | @aX703@v5 | |
| 701 | 0 | @a李倩倩@Ali qian qian@4编著 |
| 701 | 0 | @a李亚峰@Ali ya feng@4编著 |
| 701 | 0 | @a苏雷@Asu lei@4编著 |
| 801 | 0 | @aCN@c20250909 |
| 905 | @a河南城建学院图书馆@dX703@eL230@f1 | |
| 废水处理原理与技术/李倩倩, 李亚峰, 苏雷等编著.-北京:化学工业出版社,2025.01 |
| 232页:图;26cm |
| ISBN 978-7-122-46226-8:CNY98.00 |
| 本书分为三篇共十三章, 内容包括废水处理的基本知识、物理处理技术、混凝、吸附、气浮、中和、膜分离技术、高级氧化技术、其他化学及物理化学法、活性污泥法、生物膜法、膜生物反应器、废水厌氧生物处理技术与污泥处理。 |
| ● |
| 相关链接 |
|
|
|
正题名:废水处理原理与技术
索取号:X703/L230
 
预约/预借
| 序号 | 登录号 | 条形码 | 馆藏地/架位号 | 状态 | 备注 |
| 1 | 1625769 | 216257690 | 自科库501/501自科库 104排2列2层/ [索取号:X703/L230] | 在馆 |